[Event "Logumkloster op"]
[Site "Logumkloster"]
[Date "2019.05.07"]
[Round "5"]
[White "Sahakian, Gagik"]
[Black "Beck, Kresten"]
[Result "1-0"]
[WhiteElo "1417"]
[BlackElo "1454"]
[PlyCount "63"]
[EventDate "2019.03.26"]
[EventType "swiss"]
[EventRounds "7"]
[EventCountry "DEN"]
[SourceTitle "EXT 2020"]
[Source "ChessBase"]
[SourceDate "2019.10.17"]
[SourceVersion "1"]
[SourceVersionDate "2019.10.17"]
[SourceQuality "1"]

1. e4 e5 2. d4 exd4 3. c3 Nc6 4. Bc4 Qf6 5. Nf3 h6 6. 0-0 Ne5 7. Nxe5 Qxe5 8. cxd4 Qf6 9. e5 Qf5 10. Re1 Be7 11. Nc3 Bb4 12. Bd2 Ne7 13. Nb5 Bxd2 14. Qxd2 Kd8 15. d5 a6 16. Nd4 Qg6 17. e6 d6 18. Re3 f6 19. Rg3 Qh7 20. Bd3 Qg8 21. Nf5 Nxf5 22. Bxf5 Ke7 23. Qc2 Kd8 24. Re1 Bxe6 25. Rxe6 Qe8 26. Rxe8+ Rxe8 27. h3 Re7 28. Be6 c5 29. Qh7 Ra7 30. Rxg7 b6 31. Rxe7 Rxe7 32. Qxh6 1-0

[Event "Logumkloster-ch"]
[Site "Logumkloster"]
[Date "2018.05.29"]
[Round "7"]
[White "Sahakian, Gagik"]
[Black "Hansen, Uwe"]
[Result "0-1"]
[WhiteElo "1415"]
[BlackElo "1432"]
[PlyCount "92"]
[EventDate "2018.04.03"]
[EventType "swiss"]
[EventRounds "7"]
[EventCountry "DEN"]
[SourceTitle "EXT 2020"]
[Source "ChessBase"]
[SourceDate "2019.10.17"]
[SourceVersion "1"]
[SourceVersionDate "2019.10.17"]
[SourceQuality "1"]

1. e4 c5 2. Bc4 e6 3. Nf3 Nc6 4. d3 Na5 5. Na3 Nxc4 6. Nxc4 b5 7. Nce5 h6 8. c3 d6 9. Ng4 Bb7 10. Qe2 Nf6 11. h3 Be7 12. Ngh2 e5 13. Nd2 Bc6 14. b3 a5 15. c4 b4 16. a4 0-0 17. Ng4 Nd7 18. Rf1 f5 19. Nh2 Nf6 20. g4 fxe4 21. dxe4 Nh7 22. Bb2 Rf4 23. 0-0-0 Ng5 24. f3 Nxh3 25. Qg2 Ng5 26. Nb1 Ne6 27. Bxe5 Rf7 28. f4 Qc7 29. f5 dxe5 30. fxe6 Rf4 31. Nd2 Raf8 32. Rde1 Qd6 33. Nhf3 Qxe6 34. g5 Rg4 35. Qh3 hxg5 36. Rh1 Rff4 37. Qh8+ Kf7 38. Rh7 Qf6 39. Reh1 Bxe4 40. R7h3 Bxf3 41. Nxf3 e4 42. Qh5+ Ke6 43. Qh8 Qc3+ 44. Kb1 Qxb3+ 45. Kc1 Qxc4+ 46. Kb2 Rg2+ 0-1

[Event "Logumkloster-ch"]
[Site "Logumkloster"]
[Date "2018.04.10"]
[Round "2"]
[White "Posselt, Karl"]
[Black "Sahakian, Gagik"]
[Result "1-0"]
[WhiteElo "1614"]
[BlackElo "1415"]
[PlyCount "59"]
[EventDate "2018.04.03"]
[EventType "swiss"]
[EventRounds "7"]
[EventCountry "DEN"]
[SourceTitle "EXT 2020"]
[Source "ChessBase"]
[SourceDate "2019.10.17"]
[SourceVersion "1"]
[SourceVersionDate "2019.10.17"]
[SourceQuality "1"]

1. b3 e5 2. Bb2 Nc6 3. c4 Bc5 4. e3 d6 5. Nc3 Bf5 6. a3 a6 7. Nge2 Nge7 8. d4 exd4 9. Nxd4 Nxd4 10. exd4 Ba7 11. d5 0-0 12. Bd3 Qd7 13. 0-0 Bxd3 14. Qxd3 Rae8 15. Rae1 Nf5 16. Re4 Nh6 17. Rf4 Ng4 18. Ne4 Ne5 19. Qg3 Ng6 20. h4 Rxe4 21. Rxe4 Ne5 22. Bxe5 dxe5 23. Qxe5 h6 24. Rfe1 Bc5 25. b4 Bd6 26. Qh5 Kh7 27. c5 g6 28. Qf3 f5 29. Re6 Bxc5 30. bxc5 1-0

[Event "Logumkloster B"]
[Site "Oster Hojst"]
[Date "2017.05.09"]
[Round "3"]
[White "Madsen, Nis H"]
[Black "Sahakian, Gagik"]
[Result "1-0"]
[WhiteElo "1612"]
[BlackElo "1312"]
[PlyCount "89"]
[EventDate "2017.04.04"]
[EventType "swiss"]
[EventRounds "5"]
[EventCountry "DEN"]
[SourceTitle "EXT 2023"]
[Source "ChessBase"]
[SourceDate "2022.10.05"]
[SourceVersion "1"]
[SourceVersionDate "2022.10.05"]
[SourceQuality "1"]

1. e4 c5 2. Bc4 Nf6 3. e5 d5 4. Bb5+ Bd7 5. a4 a6 6. Be2 Ne4 7. d3 Nxf2 8. Kxf2 Nc6 9. Nf3 Qb6 10. c3 Bg4 11. Rf1 Rd8 12. Kg1 Bxf3 13. Bxf3 Nxe5 14. d4 Nxf3+ 15. Qxf3 f6 16. dxc5 Qxc5+ 17. Be3 Qc6 18. Nd2 e6 19. Bd4 e5 20. Bxe5 Bc5+ 21. Bd4 0-0 22. Nb3 Bxd4+ 23. Nxd4 Qb6 24. Kh1 Rfe8 25. b4 Qc7 26. Rac1 Rd6 27. Qg4 g6 28. Qh4 Re4 29. Qg3 Kf7 30. b5 a5 31. b6 Qxb6 32. Rb1 Qa6 33. Nb5 Rc6 34. Qd3 Rc5 35. Qg3 Rxa4 36. Nd6+ Ke7 37. Rfe1+ Re4 38. Nxe4 dxe4 39. Rxe4+ Kf7 40. Rbe1 Rc8 41. Re7+ Kf8 42. Qh4 h5 43. Qf4 Rd8 44. Qh6+ Kg8 45. Qg7# 1-0

[Event "Logumkloster-chC"]
[Site "Logumkloster"]
[Date "2015.05.07"]
[Round "5"]
[White "Madsen, Nis H"]
[Black "Sahakian, Gagik"]
[Result "0-1"]
[WhiteElo "1411"]
[BlackElo "1091"]
[PlyCount "110"]
[EventDate "2015.04.07"]
[EventType "swiss"]
[EventRounds "5"]
[EventCountry "DEN"]
[SourceTitle "EXT 2023"]
[Source "ChessBase"]
[SourceDate "2022.10.05"]
[SourceVersion "1"]
[SourceVersionDate "2022.10.05"]
[SourceQuality "1"]

1. d4 d5 2. Bf4 Bf5 3. Nc3 a6 4. g3 e6 5. a3 Bd6 6. Bxd6 Qxd6 7. Nf3 Nf6 8. Bg2 Ne4 9. e3 Nxc3 10. bxc3 Be4 11. 0-0 h6 12. Ne5 Bxg2 13. Kxg2 Nd7 14. f4 Nxe5 15. fxe5 Qc6 16. Qd3 b5 17. Kg1 Qb6 18. e4 c6 19. Qf3 0-0 20. a4 b4 21. exd5 cxd5 22. cxb4 Qxd4+ 23. Qf2 Qxb4 24. Rfb1 Qe4 25. Re1 Qc4 26. Reb1 Rab8 27. Qa7 Rxb1+ 28. Rxb1 Qxa4 29. Rb8 Rxb8 30. Qxb8+ Kh7 31. Qb2 Qb5 32. Qb3 Qxb3 33. cxb3 Kg6 34. g4 Kg5 35. h3 Kf4 36. Kf2 Kxe5 37. Ke3 g5 38. Kf3 d4 39. b4 Kd5 40. Ke2 e5 41. Kd3 e4+ 42. Ke2 Kc4 43. Kd2 e3+ 44. Ke2 Kc3 45. Kd1 d3 46. Ke1 Kc2 47. Kf1 d2 48. Kg2 d1Q 49. b5 Qd2+ 50. Kg1 Qe1+ 51. Kg2 Qf2+ 52. Kh1 Qd2 53. h4 e2 54. Kh2 e1R+ 55. Kh3 Re3# 0-1